Rural local self-government in India : (Record no. 164987)

MARC details
000 -LEADER
fixed length control field 00612nam a2200169 4500
005 - DATE AND TIME OF LATEST TRANSACTION
control field 20190531144316.0
010 ## - LCCN (DPL NO)
LC control number ENG-125432
020 ## - INTERNATIONAL STANDARD BOOK NUMBER
International Standard Book Number 8185835667
Terms of availability 600.00
035 ## - SYSTEM CONTROL NUMBER
System control number EN-108964
037 ## - SOURCE OF ACQUISITION
Source of stock number/acquisition DBAD/PUB
082 ## - DEWEY DECIMAL CLASSIFICATION NUMBER
Classification number 320.809
245 ## - TITLE STATEMENT
Title Rural local self-government in India :
Statement of responsibility, etc ed. by Ranjit Singh Ghuman [and] Sukhwinder Singh
Remainder of title some developmental experiences /
260 ## - PUBLICATION, DISTRIBUTION, ETC. (IMPRINT)
Place of publication, distribution, etc Chandigarh
Name of publisher, distributor, etc Centre for research in Rural and Industrial Development (CRRID)
Date of publication, distribution, etc 2013
270 ## - ADDRESS
Address Sector-19A, Madhya Marg
City Chandigarh
Postal code 160019
300 ## - PHYSICAL DESCRIPTION
Extent 259p.
Dimensions 24cm(Hb)
942 ## - ADDED ENTRY ELEMENTS (KOHA)
Source of classification or shelving scheme Dewey Decimal Classification
Item type English Books
Classification part 320.809
Call number suffix RUR
Holdings
Withdrawn status Lost status Not for loan Collection code Home library Current library Date acquired Source of acquisition Cost, normal purchase price Full call number Barcode Copy number Cost, replacement price Koha item type
      Non-fiction Central Library Central Library 31/05/2019 DBAD/PUB 600.00 320.809 RUR EN-108964 1 600.00 English Books

© Delhi Public Library
Hit Counter
free hit counter